Normal view
MARC view
- Rodríguez Robles, Ignacio
Entry Nombre Personal
001 - NUMERO DE CONTROL
- campo de control: 44842
003 - IDENTIFICADOR DE NUMERO DE CONTROL
- campo de control: MX-MxUPN
005 - FECHA Y HORA DE LA ÜLTIMA TRANSACCIÓN
- campo de control: 20220613151545.0
008 - DATOS DE LONGITUD FIJA
- campo de control de longitud fija: 220613|| aca||aabn | a|a d
040 ## - FUENTE DE CATALOGACIÓN
- Agencia original de catalogación: MX-MxUPN
- Lenguaje de catalogación: spa
- Agencia de transcripción: MX-MxUPN
100 1# - ENCABEZAMIENTO - NOMBRE PERSONAL
- Nombre personal: Rodríguez Robles, Ignacio
670 ## - FUENTE EN LA QUE SE LOCALIZARON DATOS
- Cita de la fuente: Introducción a la Física y a la Química: primer grado de secundaria, 1999:
- Información localizada: portada (Ignacio Rodríguez Robles)
902 ## - CATALOGADOR
- Catalogador: VRC/130622
